| 000 | 00393 a2200145 4500 | ||
|---|---|---|---|
| 245 |
_aGAAP handbook 2007 _hprint |
||
| 020 | _a086981950X | ||
| 100 | _aPretorious | ||
| 100 | _aVon Well | ||
| 005 | 20191021095820.0 | ||
| 260 |
_asa _bUnisa Press _c1996 |
||
| 084 | _aHF5616.S6 G33 1996 | ||
| 300 |
_axxi, 359 p. _b 22 cm. _cxxi, 359 p. ; 22 cm. |
||
| 500 | _aChris Hemus ... [et al.]. | ||
| 490 | _aManualia didactica ; 27 | ||
| 999 |
_c12712 _d12712 |
||